000 00553nam a22002177a 4500
003 UA-OsUOA
001 132586
007 ta
008 20180828b un ||||| |||| 00| 0 ukr d
100 _aЗамета О.
090 _a94(477)
_bЗ-26
942 _cSA
040 _aUA-OsUOA
_bukr
_cUA-OsUOA
_dUA-OsUOA
245 _aЧернецтво і Гайдамацький рух
300 _aС.36-40
955 _a0
041 _aukr
080 _a94(477)
773 0 _w132585
650 7 _a9 Географія. Біографії. Історія
_2UDC
999 _c421124
_d421124